Statistics for managers using Microsoft Excel /
Introduction and data collection. Using Microsoft Excel for statistical analysis. Presenting data in tables and charts. Summarizing and describing numerical data. Basic probability and discrete probability distributions. Decision making. The normal distribution and sampling distributions. Confidence...
সংরক্ষণ করুন:
| প্রধান লেখক: | |
|---|---|
| অন্যান্য লেখক: | , |
| বিন্যাস: | গ্রন্থ |
| ভাষা: | English |
| প্রকাশিত: |
Upper Saddle River, N.J. :
Prentice Hall,
1999.
|
| সংস্করন: | 2nd ed. |
| বিষয়গুলি: | |
| ট্যাগগুলো: |
ট্যাগ যুক্ত করুন
কোনো ট্যাগ নেই, প্রথমজন হিসাবে ট্যাগ করুন!
|
| Thư viện lưu trữ: | Mạng thư viện Đại học Đà Nẵng |
|---|
| LEADER | 01599cam a2200433 i 4500 | ||
|---|---|---|---|
| 001 | 000048121 | ||
| 003 | 7824 | ||
| 005 | 20030317100716.0 | ||
| 008 | 010324|1999 vm 000 eng | ||
| 020 | |a 0130212180 | ||
| 040 | |a IRC |c IRC |d IRC | ||
| 041 | 0 | |a eng | |
| 082 | 1 | 4 | |a 519.502855369 |b LE-D |
| 100 | 1 | |a Levine, David M. | |
| 245 | 0 | 0 | |a Statistics for managers using Microsoft Excel / |c David M. Levine, Mark L. Berenson, David Stephan. |
| 250 | |a 2nd ed. | ||
| 260 | |a Upper Saddle River, N.J. : |b Prentice Hall, |c 1999. | ||
| 300 | |a xxix, 1069, [35] p. : |b ill. ; |c 25.5cm. | ||
| 520 | 3 | |a Introduction and data collection. Using Microsoft Excel for statistical analysis. Presenting data in tables and charts. Summarizing and describing numerical data. Basic probability and discrete probability distributions. Decision making. The normal distribution and sampling distributions. Confidence interval estimation... | |
| 630 | 0 | 4 | |a Microsoft Excel. |
| 630 | 0 | 4 | |a Statistical methods. |
| 650 | 0 | 4 | |a Microsoft Excel (Computer file) |
| 650 | 0 | 4 | |a Commercial statistics |x Computer programs. |
| 650 | 0 | 4 | |a Commercial statistics. |
| 650 | 0 | 4 | |a Management |x Statistical methods. |
| 650 | 0 | 4 | |a Electronic spreadsheets. |
| 650 | 0 | 4 | |a Management |x Statistical methods |x Computer programs. |
| 700 | 1 | |a Berenson, Mark L. | |
| 700 | 1 | |a Stephan, David. | |
| OWN | |a DUT | ||
| 999 | |a From the UDN01 | ||
| TYP | |a Monograph | ||
| TYP | |a Printed language | ||
| 980 | |a Mạng thư viện Đại học Đà Nẵng | ||


